00539nam a22001697a 4500003000400000008004100004020001800045082001900063245009000082250001300172260006300185300001100248650003400259650003600293650002000329700002000349OSt260624b |||||||| |||| 00| 0 eng d a9788170195993 a632.3046bD22R aRecent Approaches for Management of Plant Diseases/ edited by Srikanta Das...[et al.] a1st. ed. aDelhi : bToday & Tomorrow Printers and Publishers,c2018. a499 p. aTechnology (Applied Sciences) aPlant injuries, diseases, pests aPlant pathology a Das, Srikanta